| 000 | 00900nam a22003377a 4500 | ||
|---|---|---|---|
| 001 | BR2015005438 | ||
| 003 | BR-BrBNA | ||
| 005 | 20230928104725.0 | ||
| 007 | ta | ||
| 008 | 230509b bl.||||| |||| 00| 0 por d | ||
| 040 |
_aBR-BrBNA _bpor _cBiblioteca Nacional de Agricultura |
||
| 041 | _a(Por) | ||
| 072 | _aM11 | ||
| 090 | _ M11 BR2015005438 | ||
| 100 | 1 | _aTabata, J. (ed.) | |
| 110 | 1 |
_aRevista Pesca Esportiva, São Paulo, SP (Brasil) _98159 |
|
| 245 | 1 | _aBíblia do pescador: o anuário brasileiro de pesca esportiva 2008 | |
| 250 | 1 | _a20 ed. | |
| 260 | 3 |
_aSão Paulo, SP (Brasil): _c2008. |
|
| 300 | _a274 p. | ||
| 500 | _a215 illus.; 6 tables | ||
| 650 | _aHISTÓRIA | ||
| 650 | _aPEIXE | ||
| 650 | _aISCA | ||
| 650 | _aBARCO | ||
| 650 | _aEQUIPAMENTO PESQUEIRO | ||
| 650 | _aMOTOR | ||
| 650 | _aCONSERVAÇÃO | ||
| 909 |
_a202309 _bLucia _c55 _dLucia Elande |
||
| 942 | _cBK | ||
| 999 |
_c81403 _d81403 |
||